UEFA Champions League: 30+ Goals (2000-) - Statistics

General Stats
  • This quiz has been taken 18 times
  • The average score is 23 of 24
Answer Stats
Ranking Player Positions Nationality Matches Goals (assists) Periods Clubs % Correct
14 Antoine Griezmann MF, FW 105 42 (15) 2013-2025
100%
1 Cristiano Ronaldo MF, FW 183 140 (45) 2003-2022
100%
18 Edinson Cavani MF, FW 70 35 (7) 2011-2012, 2013-2022
100%
8 Erling Haaland FW 48 49 (5) 2019-2025
100%
17 Harry Kane FW 57 40 (11) 2016-2019, 2022-2025
100%
4 Karim Benzema FW 152 90 (28) 2005-2023
100%
6 Kylian Mbappé MF, FW 87 55 (24) 2016-2025
100%
2 Lionel Messi MF, FW 163 129 (41) 2004-2023
100%
11 Mohamed Salah MF, FW 88 47 (17) 2013-2015, 2017-2022, 2024-2025
100%
13 Neymar MF, FW 81 43 (33) 2013-2023
100%
3 Robert Lewandowski FW 133 105 (21) 2011-2025
100%
16 Sergio Agüero FW 79 41 (9) 2008-2009, 2011-2022
100%
15 Thierry Henry FW 95 42 (20) 2000-2009, 2011-2012
100%
5 Thomas Müller MF, FW 163 57 (28) 2008-2025
100%
23 Wayne Rooney MF, FW 85 30 (17) 2004-2013, 2015-2016
100%
12 Didier Drogba FW 93 44 (13) 2003-2015
94%
22 Kaká MF, FW 85 30 (22) 2003-2007, 2009-2014
94%
7 Raúl FW 97 50 (19) 2000-2011
94%
24 Samuel Eto'o FW 75 30 (16) 2001-2002, 2004-2010, 2013-2014
94%
9 Zlatan Ibrahimović FW 124 48 (25) 2002-2015, 2017-2018, 2021-2022
94%
20 Andriy Shevchenko FW 73 32 (10) 2000-2001, 2002-2007, 2009-2010
88%
21 Arjen Robben MF, FW 110 31 (16) 2002-2019
88%
10 Ruud van Nistelrooy FW 63 48 (17) 2001-2010
76%
19 Filippo Inzaghi FW 61 34 (4) 2000-2001, 2002-2007, 2009-2011
65%
No matching quizzes found
Score Distribution
Percent of People with Each Score
Percentile by Number Answered
Your Score History
You have not taken this quiz